Matemática-tercer grado - 5° unidad : (Record no. 23281)
[ view plain ]
| 000 -CABECERA | |
|---|---|
| fixed length control field | 00948nam a22002177i 4500 |
| 003 - IDENTIFICADOR DEL NÚMERO DE CONTROL | |
| control field | AR-CdUCM |
| 008 - DATOS DE LONGITUD FIJA--INFORMACIÓN GENERAL | |
| fixed length control field | 250424b20182018 pe||||| |||| 00| 0 spa d |
| 040 ## - FUENTE DE LA CATALOGACIÓN | |
| Agencia/entidad que catalogó originalmente la obra | MUNICIPALIDAD PROVINCIAL DEL CUSCO |
| Entidad que transcribió la catalogación | BIBLIOTECA MUNICIPAL DEL CUSCO |
| 082 ## - NÚMERO DE LA CLASIFICACIÓN DECIMAL DEWEY | |
| No. de Clasificación | SI / 510 / A32 |
| Notacion interna | A32 |
| 100 ## - ENTRADA PRINCIPAL--NOMBRE DE PERSONA | |
| Nombre Personal | Aquino Puma, Hilario Néstor |
| 245 ## - MENCIÓN DE TÍTULO | |
| Título | Matemática-tercer grado - 5° unidad : |
| Resto del título | Fichas de trabajo para el estudiante / |
| 260 ## - PUBLICACIÓN, DISTRIBUCIÓN, ETC. | |
| Lugar de publicación, distribución, etc. | Megantoni-Cusco : |
| Nombre de la editorial, distribuidor, etc. | Municipalidad Distrital de Megantoni |
| Fecha de publicación, distribución, etc. | 2018 |
| 300 ## - DESCRIPCIÓN FÍSICA | |
| Nº de Páginas Extensión | 20 páginas. : |
| Otros detalles físicos | Ilustraciones |
| Dimensiones | 29x21 cm. |
| 650 ## - PUNTO DE ACCESO ADICIONAL DE MATERIA--TÉRMINO DE MATERIA | |
| Descriptor | Calendario matemático |
| 9 (RLIN) | 51146 |
| 650 ## - PUNTO DE ACCESO ADICIONAL DE MATERIA--TÉRMINO DE MATERIA | |
| Descriptor | Multiplicar con dedos |
| 9 (RLIN) | 51147 |
| 650 ## - PUNTO DE ACCESO ADICIONAL DE MATERIA--TÉRMINO DE MATERIA | |
| Descriptor | La mitad de una cantidad |
| 9 (RLIN) | 51148 |
| 700 ## - PUNTO DE ACCESO ADICIONAL--NOMBRE DE PERSONA | |
| Nombre Personal | Walter Chauca, Rodríguez |
| 9 (RLIN) | 51149 |
| 942 ## - ELEMENTOS DE PUNTO DE ACCESO ADICIONAL (KOHA) | |
| Fuente de clasificación | |
| Tipo de item | Libros-BMC |
| 945 ## - PROCESAMIENTO DE INFORMACIÓN LOCAL (OCLC) | |
| Catalogador | pbjr |
| AAAA-MM-DD - Fecha de ingreso o modificacion | 24-04-2025 |
No items available.